| 000 | 00989 a2200241 4500 | ||
|---|---|---|---|
| 003 | Nust | ||
| 005 | 20221227113829.0 | ||
| 010 | _a 98039574 | ||
| 020 | _a9812531297 | ||
| 040 | _cNust | ||
| 082 | 0 | 0 | _a621.395,GER |
| 100 | 1 |
_aGerez, Sabih H. _9106020 |
|
| 245 | 1 | 0 |
_aAlgorithms for VLSI design automation / _cSabih H. Gerez. |
| 260 |
_aChichester ; _aNew York : _bWiley, _cc1999. |
||
| 300 |
_axiii, 326 p. : _bill. ; _c25 cm. |
||
| 505 | _aPreliminaries (Page-1), Selected Design Problems and Algorithms (Page-81), Appendices (Page-275). | ||
| 650 | 0 |
_aAlgorithms. _913771 |
|
| 650 | 0 |
_aIntegrated circuits _xVery large scale integration _xComputer-aided design. _9106011 |
|
| 856 | 4 | 2 |
_3Contributor biographical information _uhttp://www.loc.gov/catdir/bios/wiley042/98039574.html |
| 856 | 4 | 2 |
_3Publisher description _uhttp://www.loc.gov/catdir/description/wiley033/98039574.html |
| 856 | 4 | 2 |
_3Table of Contents _uhttp://www.loc.gov/catdir/toc/onix04/98039574.html |
| 942 |
_2ddc _cBK |
||
| 999 |
_c178728 _d178728 |
||